000 00944nas a22003131i#4500
001 1409
003 ES-MaACL
005 20250812062553.0
007 t|
008 950801d18331938fr s|0p | 1 ||re d
080 _a44
080 _a008
080 _a7
245 0 3 _aLe Magasin pittoresque /
_cpublié sous la direction de Euryale Cazeaux et Edouard Charton.
260 _aParis :
_bJ. Best,
_c1833-1938.
300 _a38 v. :
_bil., grab. ;
_c30 cm.
310 _aQuincenal
321 _aMensual,
_b1833-85
362 0 _a1re année (1833)-105e année (1938)
500 _aLos índices van colocados al final de la revista.
650 1 4 _aRevistas de información general.
_916896
650 0 7 _aArte
_2embne
_910068
700 1 _aCazeaux, Euryale.
_9141420
700 1 _aCharton, Edouard.
_9126464
852 _aES-MaACL
_jZ-16
_dOlim: Hem-128
866 0 _o1833-75,1877-84,1886-94.
942 _2udc
999 _c1409
_d1409